[Event "Quebec-ch amateur"]
[Site "Montreal"]
[Date "1993.10.10"]
[Round "5"]
[White "Delisle, Claude"]
[Black "Gauthier, Raymond"]
[Result "1-0"]
[WhiteElo "2042"]
[BlackElo "2057"]
[PlyCount "75"]
[EventDate "1993.10.08"]
[EventType "swiss"]
[EventRounds "5"]
[EventCountry "CAN"]
[SourceTitle "EXT 2022"]
[Source "ChessBase"]
[SourceDate "2021.10.06"]
[SourceVersion "1"]
[SourceVersionDate "2021.10.06"]
[SourceQuality "1"]

1. e3 d5 2. b3 e5 3. Bb2 f6 4. d4 e4 5. Nh3 Bd6 6. c4 c6 7. Nc3 Ne7 8. cxd5 cxd5 9. Nb5 Bb4+ 10. Bc3 Bxc3+ 11. Nxc3 0-0 12. Nf4 Kh8 13. h4 Nbc6 14. h5 Qa5 15. Qd2 Rd8 16. Be2 a6 17. Rc1 Rd6 18. Na4 Qd8 19. b4 f5 20. Bd1 b5 21. Nc5 a5 22. a4 Nxb4 23. axb5 Qb6 24. Ba4 Bd7 25. Nxd7 Rxd7 26. Rc5 Rc7 27. Rxc7 Qxc7 28. 0-0 Rc8 29. Ne6 Qd6 30. Nc5 Qh6 31. Rc1 Qxh5 32. b6 Qf7 33. Nd7 Nec6 34. Bxc6 Nxc6 35. b7 Rd8 36. Rxc6 Qxd7 37. Qxa5 Rb8 38. Qa6 1-0

[Event "Quebec-ch amateur"]
[Site "Montreal"]
[Date "1993.10.10"]
[Round "4"]
[White "Yip, Michael"]
[Black "Gauthier, Raymond"]
[Result "0-1"]
[WhiteElo "1969"]
[BlackElo "2057"]
[PlyCount "44"]
[EventDate "1993.10.08"]
[EventType "swiss"]
[EventRounds "5"]
[EventCountry "CAN"]
[SourceTitle "EXT 2022"]
[Source "ChessBase"]
[SourceDate "2021.10.06"]
[SourceVersion "1"]
[SourceVersionDate "2021.10.06"]
[SourceQuality "1"]

1. d4 Nf6 2. c4 e6 3. Nf3 b6 4. a3 Bb7 5. Nc3 d5 6. cxd5 Nxd5 7. e3 Be7 8. Bb5+ c6 9. Bd3 0-0 10. e4 Nxc3 11. bxc3 c5 12. 0-0 Nd7 13. Qe2 Rc8 14. Bb2 Qc7 15. Rad1 Rfd8 16. Rfe1 Nf8 17. Qe3 f6 18. e5 f5 19. Qf4 c4 20. Bc2 Qc6 21. d5 Rxd5 22. Nd4 Rxd4 0-1